South Eastern Kenya University

Library Online Public Access Catalogue


Attitude : (Record no. 11019)

MARC details
000 -LEADER
fixed length control field 01193cam a22003374a 4500
001 - CONTROL NUMBER
control field 12777344
003 - CONTROL NUMBER IDENTIFIER
control field OSt
005 - DATE AND TIME OF LATEST TRANSACTION
control field 20160215174907.0
008 - FIXED-LENGTH DATA ELEMENTS--GENERAL INFORMATION
fixed length control field 020516s2002 nyua b 001 0 eng
010 ## - LIBRARY OF CONGRESS CONTROL NUMBER
LC control number 2002106997
020 ## - INTERNATIONAL STANDARD BOOK NUMBER
International Standard Book Number 1561633178
035 ## - SYSTEM CONTROL NUMBER
System control number (DLC) 2002106997
040 ## - CATALOGING SOURCE
Original cataloging agency SEKU
042 ## - AUTHENTICATION CODE
Authentication code pcc
043 ## - GEOGRAPHIC AREA CODE
Geographic area code n-us---
050 00 - LIBRARY OF CONGRESS CALL NUMBER
Classification number NC 1305
Item number .A8 2002
100 ## - MAIN ENTRY--PERSONAL NAME
Personal name Kaufman, Barbara B.
245 00 - TITLE STATEMENT
Title Attitude :
246 30 - VARYING FORM OF TITLE
Title proper/short title New subversive political cartoonists
260 ## - PUBLICATION, DISTRIBUTION, ETC. (IMPRINT)
Place of publication, distribution, etc. New York :
Name of publisher, distributor, etc. Nantier, Beall, Minoustchine,
Date of publication, distribution, etc. c2002.
300 ## - PHYSICAL DESCRIPTION
Extent 127 p. :
Other physical details ill. ;
Dimensions 28 cm.
504 ## - BIBLIOGRAPHY, ETC. NOTE
Bibliography, etc Includes bibliographical references and index.
650 #0 - SUBJECT ADDED ENTRY--TOPICAL TERM
Topical term or geographic name as entry element Cartoonists
Geographic subdivision United States
Form subdivision Interviews.
650 #0 - SUBJECT ADDED ENTRY--TOPICAL TERM
Topical term or geographic name as entry element American wit and humor, Pictorial.
651 #0 - SUBJECT ADDED ENTRY--GEOGRAPHIC NAME
Geographic name United States
General subdivision Politics and government
Form subdivision Caricatures and cartoons.
651 #0 - SUBJECT ADDED ENTRY--GEOGRAPHIC NAME
Geographic name United States
General subdivision Social life and customs
Form subdivision Caricatures and cartoons.
700 1# - ADDED ENTRY--PERSONAL NAME
Personal name Rall, Ted.
856 42 - ELECTRONIC LOCATION AND ACCESS
Materials specified Contributor biographical information
Uniform Resource Identifier <a href="http://www.loc.gov/catdir/enhancements/fy1110/2002106997-b.html">http://www.loc.gov/catdir/enhancements/fy1110/2002106997-b.html</a>
856 42 - ELECTRONIC LOCATION AND ACCESS
Materials specified Publisher description
Uniform Resource Identifier <a href="http://www.loc.gov/catdir/enhancements/fy1110/2002106997-d.html">http://www.loc.gov/catdir/enhancements/fy1110/2002106997-d.html</a>
942 ## - ADDED ENTRY ELEMENTS (KOHA)
Source of classification or shelving scheme Library of Congress Classification
Koha item type General circulation
Holdings
Withdrawn status Lost status Source of classification or shelving scheme Damaged status Not for loan Home library Current library Shelving location Date acquired Source of acquisition Total Checkouts Full call number Barcode Date last seen Price effective from Koha item type Public note
    Library of Congress Classification     Wote Campus Library Wote Campus Library General Stacks 15/02/2016 Donation-books for Africa   [WTE] NC 1305 .A8 2002 2016/010307 15/02/2016 15/02/2016 General circulation A.K.
Kitui, Kenya.
+254736116989
library@seku.ac.ke